000
00264nam a2200097Ia 4500
001
690526
005
20250826161817.0
008
250824s9999 xx 000 0 und d
245
0
_a
SAATLERİ AYARLAMA ENSTİTÜSÜ
_c
ABDÜLBAKİ GÖLPINARLI
260
_b
DERGAH YAYINLARI
999
_c
690526
_d
690526